Statystyki dla Quiz o Kingdom come: deliverance

Kliknij tutaj aby rozwiązać quiz!

Ogólne statystyki

  • Ten quiz został rozwiązany 38 razy
  • Średni wynik to 11 z 40

Statystyki odpowiedzi

HintOdpowiedź% Poprawnych
Imię i pochodzenie głównego bohatera gryHenryk ze Skalicy
91%
Ojciec głównego bohatera, władca SkalicyRadzik Kobyła
73%
Nazwa wojsk węgierskichKumanowie
64%
Władca TalmberkaDziwisz
59%
Rok trwania gry1403
50%
Następca wyżej wymienionej postaciJan Ptaszek
50%
Żona wyżej wymienionej postaci, opcjonalna kochanka HenrykaSzczepanka
45%
Władca RatajówHanusz z Lipy
41%
Młynarka, ukochana HenrykaTeresa
41%
Rok wydania gry2018
36%
Pierwsza ukochana Henryka, zginęła w prologuBlanka
36%
Dowódca wojsk talmberskichBorzek
36%
Jeden z przyjaciół Henryka, specjalizuje się w otwieraniu zamkówFrycek
36%
Jeden z przyjaciół Henryka, specjalizuje się w skradaniuMateusz
36%
Dowódca wojsk ratajskichBernard
32%
Młynarz z RatajówPeszek
32%
Proboszcz UżycBoguta
27%
Imię konia występującego w grze, imię to jest nawiązaniem do innej gryPłotka
27%
Młynarz mieszkający niedaleko NeuhofWojciech
23%
Wieś, w której rozgrywa się misja Zaraza, są tam stajnieMerchojedy
18%
Wioska między Skalicą, a TalmberkiemRówna
18%
Młynarz mieszkający niedaleko SazawySzymon
18%
Obecny wtedy król CzechWacław IV
18%
Obecny wtedy król WęgierZygmunt Luksemburski
18%
Kat RatajówHerman
14%
Skaliczanka, pracuje w klasztorze sazawskimJohanka
14%
Lokator w PrzybysławicachMariusz
14%
Wielki Mistrz Łowczy w TalmebrkuMikołaj
14%
Jeden z zakonników w Sazawie, pomaga chorymNikodem
14%
Uchodźca mieszkający w Ratajach, otrzymujemy od niego kawałek specjalnego mieczaCzekan
9%
Antagonista gry, został zabity w kościeleKonus
9%
Opat klasztoru sazawskiegoPiotr
9%
Naprawik z KuttenbergaSebastian
9%
Bogaty możny w Skalicy, zarządzał kopalniamiTobiasz Fejfar
9%
Ogromny fort na południu mapyWranik
9%
Prawdziwie imię ŚwiętoszkaAntoni
5%
Polska nazwa trzeciego DLC do gryBanda drani
5%
Ukochana Jana Ptaszka w drugim DLC do gryKarolina
5%
Miasteczko w którym wykonujemy zadania dla szarlatana w drugim DLCLedeczko
5%
Wieś na północ od Sazawy, podczas produkcji gry wycięto z niej wiele misjiSamopsza
5%

Rozkład punktacji

Percentyl według liczby udzielonych odpowiedzi

Procent ludzi z każdym wynikiem

Twoja historia wyników

Nie rozwiązałeś tego quizu